Regulácia prirodzených monopolov v SR diplomová práca

Uložené v:
Podrobná bibliografia
Hlavný autor: Čečková, Monika
Korporativný autor: Fakulta podnikového manažmentu EU. Katedra podnikovohospodárska
Ďalší autori: Strieška, Ľubomír
Médium: Kniha
Jazyk:Slovak
Vydavateľské údaje: Bratislava 2011
Tagy: Pridať tag
Žiadne tagy, Buďte prvý, kto otaguje tento záznam!

MARC

LEADER 00000nbm a2200000 4500
001 0131638
005 20161109101721.3
041 0 |a slo 
044 |a SK 
245 1 0 |a Regulácia prirodzených monopolov v SR  |b diplomová práca  |c Monika Čečková ; školiteľ: Ľubomír Strieška 
264 1 |a Bratislava  |c 2011 
300 |a 74 s. 
100 1 |a Čečková, Monika 
700 1 |a Strieška, Ľubomír 
710 2 |a Fakulta podnikového manažmentu EU. Katedra podnikovohospodárska